000
00287nam a2200097Ia 4500
082
_a
J|599.75|DELA
245
0
_a
100 things you should know about big cats
100
_a
DE LA BEDOYERE, Camilla Broomall, [c.2011]
942
_c
BK
008
210817s9999 xx 000 0 und d
999
_c
222810
_d
222809